University Home | Library Home | Institutional Repository

L'oeuvre d'education au Congo Belge et au Ruanda-Urundi. (Record no. 69281)

MARC details
000 -LEADER
fixed length control field 00752cam5a220022900 4500
001 - CONTROL NUMBER
control field tmp15860901
003 - CONTROL NUMBER IDENTIFIER
control field UPRA
005 - DATE AND TIME OF LATEST TRANSACTION
control field 20190815110443.0
008 - FIXED-LENGTH DATA ELEMENTS--GENERAL INFORMATION
fixed length control field 951107r1953 be fre u
035 ## - SYSTEM CONTROL NUMBER
System control number (Sirsi) r47052
035 ## - SYSTEM CONTROL NUMBER
System control number (UPRA)tmp15860901
040 ## - CATALOGING SOURCE
Transcribing agency UPRA
100 1# - MAIN ENTRY--PERSONAL NAME
Personal name Vanhove, F.
Linkage A5050.1
245 12 - TITLE STATEMENT
Title L'oeuvre d'education au Congo Belge et au Ruanda-Urundi.
260 ## - PUBLICATION, DISTRIBUTION, ETC.
Place of publication, distribution, etc. Bruxelles :
Name of publisher, distributor, etc. Bieleveld,
Date of publication, distribution, etc. [1953]
500 ## - GENERAL NOTE
General note Reprinted from Encyclopedie du Congo Belge.
650 #0 - SUBJECT ADDED ENTRY--TOPICAL TERM
Topical term or geographic name entry element Education -- Congo (Kinshasa)
Geographic subdivision Education -- Congo (Kinshasa)
Linkage S3607.1
650 #0 - SUBJECT ADDED ENTRY--TOPICAL TERM
Topical term or geographic name entry element Education -- Ruanda-Urundi.
Geographic subdivision Education -- Ruanda-Urundi.
Linkage S3608.1
949 ## - LOCAL PROCESSING INFORMATION (OCLC)
a LA1911
w lcc
i -58602
m MAIN
t BOOK
l ON-SHELF
987 ## - LOCAL ROMANIZATION/CONVERSION HISTORY (OCLC)
Romanization/conversion identifier WITHDRAWN

No items available.

© 2026 - The University of Zambia Library - Koha v25.11